Statistics for Northern California: Largest Cities

Click here to take the quiz!

General Stats

  • This quiz has been taken 517 times
    (135 since last reset)
  • The average score is 24 of 46

Answer Stats

PopulationCountyCity% Correct
873,970-- -------San Francisco
99%
524,945SacramentoSacramento
96%
440,650AlamedaOakland
93%
1,013,245Santa ClaraSan Jose
93%
320,805San JoaquinStockton
82%
127,650Santa ClaraSanta Clara
76%
105,665San MateoSan Mateo
75%
79,250NapaNapa
73%
230,505AlamedaFremont
71%
93,615ShastaRedding
71%
178,130SonomaSanta Rosa
70%
124,325AlamedaBerkeley
69%
218,465StanislausModesto
69%
78,280AlamedaAlameda
64%
86,335MercedMerced
64%
126,095SolanoVallejo
60%
176,125SacramentoElk Grove
57%
162,955AlamedaHayward
56%
101,480ButteChico
55%
116,450Contra CostaRichmond
53%
125,415Contra CostaConcord
52%
104,905San MateoDaly City
52%
115,295Contra CostaAntioch
49%
147,775PlacerRoseville
47%
102,390SolanoVacaville
47%
119,885SolanoFairfield
45%
79,875AlamedaPleasanton
45%
155,810Santa ClaraSunnyvale
45%
87,960AlamedaLivermore
44%
72,590AlamedaDublin
38%
82,380Santa ClaraMountain View
38%
93,005San JoaquinTracy
36%
84,295San MateoRedwood City
35%
80,455SacramentoFolsom
34%
76,420Contra CostaPittsburg
34%
70,130Contra CostaWalnut Creek
31%
70,120SutterYuba City
30%
80,275Santa ClaraMilpitas
28%
91,010AlamedaSan Leandro
27%
84,610Contra CostaSan Ramon
27%
83,500San JoaquinManteca
24%
70,145AlamedaUnion City
24%
87,585SacramentoCitrus Heights
22%
72,745StanislausTurlock
21%
79,335SacramentoRancho Cordova
20%
71,605PlacerRocklin
10%

Score Distribution

Percentile by Number Answered

Percent of People with Each Score

Your Score History

You have not taken this quiz since the last reset